000 01565nam a2200409 c 4500
001 57920
003 CO-BoRNBP
005 20250812201221.0
007 ta
008 210830r20162019sp a br 000 0dspa d
020 _a9788493598242
040 _aCO-BoRNBP
_bspa
_erda
_cCO-BoRNBP
041 1 _aspa
_heng
_hjpn
082 0 4 _a612.664
_bY13t
_222
084 _aA
100 1 _aYagyu, Genichiro,
_d1943-
_eaut
_962036
245 1 0 _aTetas /
_ctexto e ilustraciones Genichiro Yagyu ; traducción Kiyoko Masaoka y Herrín Hidalgo.
250 _aPrimera edición
_bQuinta impresión
264 1 _aValencia, España :
_bEditorial Media Vaca,
_c2019
300 _a28 páginas :
_bilustraciones a color
336 _atexto
_btxt
_2rdacontent
337 _asin mediación
_bn
_2rdamedia
338 _avolumen
_bnc
_2rdacarrier
490 0 _aEl mapa de mi cuerpo
_v3
500 _aEl material correspondiente a la dotación PNLB 2022, corresponde a la quinta reimpresión de 2019
521 _aRecomendado para un público infantil mayor de 9 años
534 _tOppai no himitsu. A story of breasts
545 _aIncluye datos biográficos del autor
650 0 7 _aAnatomía humana
_vliteratura infantil
_2lemb
_962037
650 0 7 _aCuerpo humano
_vliteratura infantil
_2LEMB
_962038
650 0 7 _aGlándulas mamarias
_vliteratura infantil
_2lemb
_962039
650 0 7 _aMamas
_vliteratura infantil
_2lemb
_962040
655 _aLiteratura infantil
_9324724
700 _aHidalgo, Herrín,
_d1952-
_etrl
_962041
700 _aMasaoka, Kiyoko
_etrl
_962042
942 _2ddc
_cBKINF
999 _c57920
_d57920